000
00257nam a2200109Ia 4500
008
190912s9999||||xx |||||||||||||| ||und||
100
_a
Muhammad Asif
245
0
_a
Auditing : An ISA perspective
260
_a
Lahore
_b
SKANS
_c
2013
300
_a
500
942
_c
BK
999
_c
7889
_d
7889